| 000 | 00361cam a22001217a 4500 | ||
|---|---|---|---|
| 008 | 180718b1986 xxu||||| |||| 00| 0 eng d | ||
| 082 | _aA72x515 H358 | ||
| 100 | _aHedin, Sven | ||
| 245 |
_aTo the forbidden land: discoveries and adventure in Tibet _cby Sven Hedin |
||
| 260 |
_aLucknow _bAsian _c1986 |
||
| 300 | _a141p. | ||
| 650 | _aTibet - Description and travel | ||
| 999 |
_c345934 _d345934 |
||